000
00307nam a22001337a 4500
008
180302b xxu||||| |||| 00| 0 eng d
020
_a
0256020634
041
_a
eng
080
_a
159.9
100
_a
49
101
_a
soc
245
_a
human responses to social problem
_c
stephan.sc
942
_2
udc
_c
BK
999
_c
43995
_d
43995